Učitavanje...

Changing Status Of Devadasis In India

Bibliografski detalji
Glavni autor: Gupta R.K
Format: Printed Book
Jezik:Undetermined
Izdano: New Delhi: Sumit Enterprises, 2007
Teme:
LEADER 00534nam a2200157Ia 4500
008 200110s9999||||xx |||||||||||||| ||und||
080 |a 306.0954  |b GUP-C 
100 |a Gupta R.K.  
245 0 |a Changing Status Of Devadasis In India 
260 |a New Delhi:  |b Sumit Enterprises,   |c 2007 
300 |a 440 p.  |f HB 
500 |a Text Book 
650 |a Changing Status Of Devadasis In India  
942 |c BK 
999 |c 257605  |d 257605 
952 |0 0  |1 0  |4 0  |6 306_095400000000000_GUPC  |7 0  |9 273529  |a SOC  |b SOC  |l 0  |o 306.0954 GUP-C  |p SOC7163  |r 2020-01-14  |w 2020-01-14  |y BK